ダブルインパクト2025 準決勝進出 - Statistics

General Stats
  • This quiz has been taken 17 times
  • The average score is 13 of 21
Answer Stats
コンビ名 M-1グランプリ最高成績 キングオブコント最高成績 % Correct
ニッポンの社長 準決勝 決勝3位
92%
ロングコートダディ 決勝3位 決勝2位
92%
かもめんたる 準決勝 優勝
85%
コットン 準々決勝 決勝2位
85%
スタミナパン 準決勝 準々決勝
85%
セルライトスパ 準決勝 準決勝
77%
ななまがり 準決勝 決勝9位
77%
4000 なし なし
77%
カゲヤマ 準決勝 決勝2位
62%
カベポスター 決勝6位 準決勝
62%
トム・ブラウン 決勝6位 準々決勝
62%
うるとらブギーズ 3回戦 決勝2位
54%
ゼロカラン 3回戦 1回戦
54%
滝音 準決勝 決勝8位
54%
わらふぢなるお 準々決勝 決勝2位
54%
シンクロニシティ 準決勝 準々決勝
46%
ママタルト 準決勝 準決勝
46%
天才ピアニスト 準々決勝 準決勝
38%
マイスイートメモリーズ 準々決勝 準決勝
38%
TCクラクション 準々決勝 準決勝
38%
隣人 準々決勝 決勝9位
31%
No matching quizzes found
Score Distribution
Percent of People with Each Score
Percentile by Number Answered
Your Score History
You have not taken this quiz